| 000 | 00482nam a22001697a 4500 | ||
|---|---|---|---|
| 999 |
_c41685 _d41685 |
||
| 003 | OSt | ||
| 005 | 20221110131504.0 | ||
| 008 | 221102b ||||| |||| 00| 0 eng d | ||
| 020 | _a9788189948054 | ||
| 040 | _cOCLC | ||
| 082 |
_a664.02 _bSIN/F |
||
| 100 |
_99212 _aSingh, Mitali |
||
| 245 |
_aFood Preparation / _cMitali Singh |
||
| 260 |
_aNew Delhi: _bSRISHTI BOOK DISTRIBUTORS, _c2007 |
||
| 300 | _a221 | ||
| 942 |
_2ddc _cBK _h664.02 _iSIN/F _k664.02 _mSIN/F |
||